THE FLINTSTONES MANAGEMENT : (Record no. 5038)

000 -LEADER
fixed length control field 00787nam a2200217 a 4500
005 - DATE AND TIME OF LATEST TRANSACTION
control field 20251009104649.0
008 - FIXED-LENGTH DATA ELEMENTS--GENERAL INFORMATION
fixed length control field 251009t 2018my ||||| |||| 00| 0 eng d
020 ## - INTERNATIONAL STANDARD BOOK NUMBER
International Standard Book Number 9789671540909
040 ## - CATALOGING SOURCE
Original cataloging agency AKMAL
082 04 - DEWEY DECIMAL CLASSIFICATION NUMBER
Classification number 658.4 AMB
090 00 - LOCALLY ASSIGNED LC-TYPE CALL NUMBER (OCLC); LOCAL CALL NUMBER (RLIN)
Classification number (OCLC) (R) ; Classification number, CALL (RLIN) (NR) 658.4
Local cutter number (OCLC) ; Book number/undivided call number, CALL (RLIN) AMB
100 0# - MAIN ENTRY--PERSONAL NAME
Personal name Ambrin Buang,
9 (RLIN) 455
245 14 - TITLE STATEMENT
Title THE FLINTSTONES MANAGEMENT :
Remainder of title FIND OUT HOW INTEGRITY AND COMPASSION CAN BOOST YOUR ORGANISATION /
Statement of responsibility, etc. AMBRIN BUANG, LEOW CHEE SENG ; Edited by: Vincent Leong
264 #1 - PRODUCTION, PUBLICATION, DISTRIBUTION, MANUFACTURE, AND COPYRIGHT NOTICE
Place of production, publication, distribution, manufacture Kuala Lumpur :
Name of producer, publisher, distributor, manufacturer Humanology Sdn Bhd,
Date of production, publication, distribution, manufacture, or copyright notice 2018
300 ## - PHYSICAL DESCRIPTION
Extent iv, 290 pages :
Other physical details colour photographs ;
Dimensions 21cm
650 10 - SUBJECT ADDED ENTRY--TOPICAL TERM
Topical term or geographic name entry element Corporate governance
9 (RLIN) 9615
650 20 - SUBJECT ADDED ENTRY--TOPICAL TERM
Topical term or geographic name entry element Organizational behavior
9 (RLIN) 565
700 1# - ADDED ENTRY--PERSONAL NAME
Personal name Leow, Chee Seng,
Dates associated with a name 1976-
Relator term author.
9 (RLIN) 9616
700 1# - ADDED ENTRY--PERSONAL NAME
Personal name Leong, Vincent,
Relator term editor.
9 (RLIN) 9617
942 ## - ADDED ENTRY ELEMENTS (KOHA)
Source of classification or shelving scheme
Koha item type Book
Holdings
Withdrawn status Lost status Source of classification or shelving scheme Damaged status Not for loan Collection code Home library Current library Shelving location Date acquired Source of acquisition Total Checkouts Full call number Barcode Date last seen Price effective from Koha item type
          NON-FICTION AKMAL Melaka AKMAL Melaka PINJAMAN 09.10.2025 Sumbangan   658.4 AMB 201708302 09.10.2025 09.10.2025 Book
Pusat Sumber Maklumat Dato' Haji Sarmin Md Hussin, Akademi Kastam Diraja Malaysia, Melaka
Tel: 06-2331106 | Faks: 06-2313787